000 01487nam a2200349 a 4500
005 20240528111823.0
008 101001s1991||||sp il. f |||| 001 0 spa d
020 _a8431104058
041 _aspa
092 _c611
_l75
_sROU
100 1 _aRouviere, Henri
_974
245 _aAnatomía Humana. Descriptiva, topográfica y funcional.
_bT.3 Miembros - Sistema Nervioso Central /
_cH. Rouviere.
250 _a8a ed. en español
_bTraducción E. Acosta Vidrio
260 _aBarcelona:
_bBarcelona;
_c1991.
300 _a767 p.
_bil.
500 _aRouviere, H. y Delmas, A. (1991). Anatomía Humana. Descriptiva, topográfica y funcional. T.3 Miembros - Sistema Nervioso Central. (8a ed.). Barcelona : Masson.
590 _aDonación Mayo 2011
653 _aAnatomía descriptiva del miembro superior
653 _aAnatomía topográfica del miembro superior
653 _aAnatomía funcional del miembro superior
653 _aTerritorios de inervación funcional del miembro superior
653 _aAnatomía descriptiva del miembro inferior
653 _aAnatomía topográfica del miembro inferior
653 _aAnatomía funcional del miembro inferior
653 _aTerritorios de inervación funcional del miembro inferior
653 _aSistema Nervioso Central Cerebroespinal
653 _aSistema Nervioso Central de la vida vegetativa u orgánica
653 _aMeninges. Vasos del neuroeje
700 1 _aDelmas, André
_975
930 _a2307
942 _2ddc
_cBK
999 _c855
_d855